Statistics for Every Player to Score in a UEFA Champions League Final (1993-)

Click here to take the quiz!

General Stats

  • This quiz has been taken 279 times
    (210 since last reset)
  • The average score is 58 of 80

Answer Stats

YearMatchGoalscorerPositionNationalityMinuteScore% Correct
2017 UCL FinalJuventus 1-4 Real MadridCristiano RonaldoForwardPortuguese64'1-3
97%
2008 UCL Final*Manchester United 1-1 ChelseaCristiano RonaldoMidfielderPortuguese26'1-0
97%
2017 UCL FinalJuventus 1-4 Real MadridCristiano RonaldoForwardPortuguese20'1-0
97%
2014 UCL FinalReal Madrid 4-1 Atlético MadridCristiano RonaldoForwardPortuguese120' (p)4-1
97%
2018 UCL FinalReal Madrid 3-1 LiverpoolKarim BenzemaForwardFrench51'1-0
97%
2019 UCL FinalTottenham Hotspur 0-2 LiverpoolMohamed SalahForwardEgyptian2' (p)0-1
97%
2018 UCL FinalReal Madrid 3-1 LiverpoolGareth BaleForwardWelsh83'3-1
96%
2018 UCL FinalReal Madrid 3-1 LiverpoolGareth BaleForwardWelsh73'2-1
96%
2014 UCL FinalReal Madrid 4-1 Atlético MadridGareth BaleForwardWelsh110'2-1
96%
2018 UCL FinalReal Madrid 3-1 LiverpoolSadio ManéForwardSenegalese55'1-1
96%
2022 UCL FinalLiverpool 0-1 Real MadridVinícius JúniorForwardBrazilian59'0-1
96%
2009 UCL FinalBarcelona 2-0 Manchester UnitedLionel MessiForwardArgentinian70'2-0
95%
2011 UCL FinalBarcelona 3-1 Manchester UnitedLionel MessiForwardArgentinian54'2-1
95%
2015 UCL FinalJuventus 1-3 BarcelonaLuis SuárezForwardUruguayan68'1-2
95%
2021 UCL FinalManchester City 0-1 ChelseaKai HavertzMidfielderGerman42'0-1
94%
2022 UCL FinalManchester City 1-0 Inter MilanRodriMidfielderSpanish68'1-0
94%
2016 UCL Final*Real Madrid 1-1 Atlético MadridSergio RamosDefenderSpanish15'1-0
94%
2014 UCL FinalReal Madrid 4-1 Atlético MadridSergio RamosDefenderSpanish90+3'1-1
94%
2015 UCL FinalJuventus 1-3 BarcelonaNeymarForwardBrazilian90+7'1-3
93%
2012 UCL FinalBayern Munich 1-1 Chelsea*Didier DrogbaForwardIvorian88'1-1
92%
2017 UCL FinalJuventus 1-4 Real MadridMario MandžukićForwardCroatian27'1-1
90%
2013 UCL FinalBorussia Dortmund 1-2 Bayern MunichMario MandžukićForwardCroatian60'0-1
90%
2006 UCL FinalBarcelona 2-1 ArsenalSamuel Eto'oForwardCameroonian76'1-1
90%
2009 UCL FinalBarcelona 2-0 Manchester UnitedSamuel Eto'oForwardCameroonian10'1-0
90%
2013 UCL FinalBorussia Dortmund 1-2 Bayern MunichArjen RobbenForwardDutch89'1-2
89%
2017 UCL FinalJuventus 1-4 Real MadridCasemiroMidfielderBrazilian61'1-2
89%
2015 UCL FinalJuventus 1-3 BarcelonaIvan RakitićMidfielderCroatian4'1-0
89%
2020 UCL FinalParis Saint-Germain 0-1 Bayern MunichKingsley ComanForwardFrench59'0-1
89%
2014 UCL FinalReal Madrid 4-1 Atlético MadridMarceloDefenderBrazilian118'3-1
89%
2011 UCL FinalBarcelona 3-1 Manchester UnitedWayne RooneyForwardEnglish34'1-1
89%
2008 UCL Final*Manchester United 1-1 ChelseaFrank LampardMidfielderEnglish45'1-1
88%
2012 UCL FinalBayern Munich 1-1 Chelsea*Thomas MüllerMidfielderGerman83'1-0
87%
2011 UCL FinalBarcelona 3-1 Manchester UnitedDavid VillaForwardSpanish69'3-1
86%
2014 UCL FinalReal Madrid 4-1 Atlético MadridDiego GodínDefenderUruguayan36'0-1
86%
2005 UCL FinalMilan 3-3 Liverpool*Steven GerrardMidfielderEnglish54'1-3
86%
2019 UCL FinalTottenham Hotspur 0-2 LiverpoolDivock OrigiForwardBelgian87'0-2
85%
2002 UCL FinalBayer Leverkusen 1-2 Real MadridZinedine ZidaneMidfielderFrench45'1-2
84%
2010 UCL FinalBayern Munich 0-2 Inter MilanDiego MilitoForwardArgentinian70'0-2
83%
2010 UCL FinalBayern Munich 0-2 Inter MilanDiego MilitoForwardArgentinian35'0-1
83%
2005 UCL FinalMilan 3-3 Liverpool*Paolo MaldiniDefenderItalian1'1-0
83%
2005 UCL FinalMilan 3-3 Liverpool*Xabi AlonsoMidfielderSpanish61'3-3
83%
2017 UCL FinalJuventus 1-4 Real MadridMarco AsensioMidfielderSpanish90'1-4
82%
2002 UCL FinalBayer Leverkusen 1-2 Real MadridRaúlForwardSpanish8'0-1
82%
2000 UCL FinalReal Madrid 3-0 ValenciaRaúlMidfielderSpanish75'3-0
82%
2016 UCL Final*Real Madrid 1-1 Atlético MadridYannick CarrascoMidfielderBelgian79'1-1
82%
2015 UCL FinalJuventus 1-3 BarcelonaÁlvaro MorataForwardSpanish55'1-1
81%
2007 UCL FinalMilan 2-1 LiverpoolFilippo InzaghiForwardItalian82'2-0
81%
2007 UCL FinalMilan 2-1 LiverpoolFilippo InzaghiForwardItalian45'1-0
81%
2011 UCL FinalBarcelona 3-1 Manchester UnitedPedroForwardSpanish27'1-0
80%
2005 UCL FinalMilan 3-3 Liverpool*Hernán CrespoForwardArgentinian44'3-0
78%
2005 UCL FinalMilan 3-3 Liverpool*Hernán CrespoForwardArgentinian39'2-0
78%
1999 UCL FinalManchester United 2-1 Bayern MunichOle Gunnar SolskjærForwardNorwegian90+3'2-1
78%
2004 UCL FinalMonaco 0-3 PortoDecoMidfielderPortuguese71'0-2
72%
2013 UCL FinalBorussia Dortmund 1-2 Bayern Munichİlkay GündoğanMidfielderGerman68' (p)1-1
71%
2006 UCL FinalBarcelona 2-1 ArsenalSol CampbellDefenderEnglish37'0-1
71%
2007 UCL FinalMilan 2-1 LiverpoolDirk KuytForwardDutch89'2-1
67%
1997 UCL FinalBorussia Dortmund 3-1 JuventusAlessandro Del PieroForwardItalian65'2-1
66%
2006 UCL FinalBarcelona 2-1 ArsenalJuliano BellettiDefenderBrazilian80'2-1
64%
2002 UCL FinalBayer Leverkusen 1-2 Real MadridLúcioDefenderBrazilian14'1-1
57%
1994 UCL FinalMilan 4-0 BarcelonaMarcel DesaillyMidfielderFrench58'4-0
56%
2000 UCL FinalReal Madrid 3-0 ValenciaFernando MorientesForwardSpanish39'1-0
53%
1996 UCL Final*Juventus 1-1 AjaxJari LitmanenMidfielderFinnish41'1-1
53%
2000 UCL FinalReal Madrid 3-0 ValenciaSteve McManamanMidfielderEnglish67'2-0
52%
1999 UCL FinalManchester United 2-1 Bayern MunichTeddy SheringhamForwardEnglish90+1'1-1
52%
2005 UCL FinalMilan 3-3 Liverpool*Vladimír ŠmicerForwardCzech56'2-3
47%
1995 UCL FinalAjax 1-0 MilanPatrick KluivertForwardDutch85'1-0
45%
1998 UCL FinalJuventus 0-1 Real MadridPredrag MijatovićForwardYugoslavian66'0-1
44%
2001 UCL Final*Bayern Munich 1-1 ValenciaStefan EffenbergMidfielderGerman50' (p)1-1
35%
2001 UCL Final*Bayern Munich 1-1 ValenciaGaizka MendietaMidfielderSpanish3' (p)0-1
33%
1997 UCL FinalBorussia Dortmund 3-1 JuventusLars RickenMidfielderGerman71'3-1
29%
2004 UCL FinalMonaco 0-3 PortoCarlos AlbertoForwardBrazilian39'0-1
28%
1993 UCL FinalMarseille 1-0 MilanBasile BoliDefenderFrench44'1-0
27%
2004 UCL FinalMonaco 0-3 PortoDmitri AlenichevMidfielderRussian75'0-3
26%
1996 UCL Final*Juventus 1-1 AjaxFabrizio RavanelliForwardItalian13'0-1
25%
1999 UCL FinalManchester United 2-1 Bayern MunichMario BaslerForwardGerman6'0-1
25%
1994 UCL FinalMilan 4-0 BarcelonaDejan SavićevićForwardYugoslavian47'3-0
24%
1997 UCL FinalBorussia Dortmund 3-1 JuventusKarl-Heinz RiedleForwardGerman34'2-0
23%
1997 UCL FinalBorussia Dortmund 3-1 JuventusKarl-Heinz RiedleForwardGerman29'1-0
23%
1994 UCL FinalMilan 4-0 BarcelonaDaniele MassaroForwardItalian22'1-0
22%
1994 UCL FinalMilan 4-0 BarcelonaDaniele MassaroForwardItalian45+2'2-0
22%

Score Distribution

Percentile by Number Answered

Percent of People with Each Score

Your Score History

You have not taken this quiz since the last reset